[Event "31. Open de San Sebastian"]
[Site "San Sebastián ESP"]
[Date "2008.03.17"]
[Round "2.8"]
[White "Quinn, Rory"]
[Black "Mateo, Ramon"]
[Result "0-1"]
[WhiteElo "2024"]
[BlackElo "2484"]
[PlyCount "152"]
[EventDate "2008.03.16"]
[EventType "swiss"]
[EventRounds "9"]
[EventCountry "ESP"]
[Source "lmi"]
[SourceDate "2008.03.16"]

1. e4 c5 2. Nf3 d6 3. Bb5+ Bd7 4. Bxd7+ Qxd7 5. O-O Nf6 6. e5 dxe5 7. Nxe5 Qc7
8. d4 e6 9. Bf4 Bd6 10. Na3 Bxe5 11. Bxe5 Qc6 12. Nc4 Nbd7 13. Nd6+ Ke7 14. Bg3
Rhd8 15. Qe2 Kf8 16. Rfd1 a6 17. c4 cxd4 18. Rxd4 Kg8 19. Rad1 Nf8 20. Nf5 Re8
21. Nh6+ gxh6 22. Be5 Rac8 23. Bxf6 e5 24. Qg4+ Ng6 25. Rd6 Qxc4 26. Qh5 Nf4
27. Qxh6 Ne2+ 28. Kh1 Qg4 29. Qe3 Nf4 30. g3 Nh5 31. Bxe5 Rc6 32. Rd8 Rce6 33.
Kg2 f6 34. Rxe8+ Rxe8 35. Qb3+ Kh8 36. Bd4 Rg8 37. Rd2 Nf4+ 38. Kh1 Nh5 39. Qe3
Rc8 40. Bc3 Qh3 41. Rd1 Qf5 42. Qd4 Re8 43. Kg2 h6 44. Qd3 Qg5 45. Qf3 b5 46.
Rd5 Nf4+ 47. Qxf4 Qxd5+ 48. Kh3 Qe6+ 49. Kg2 Qe4+ 50. Qxe4 Rxe4 51. Bxf6+ Kg8
52. Kf3 Rc4 53. a3 Kf7 54. Bc3 Kg6 55. g4 Rc7 56. h4 h5 57. Kg3 Rd7 58. gxh5+
Kxh5 59. Bf6 a5 60. f3 b4 61. axb4 axb4 62. Kf4 Kg6 63. Be5 Kh5 64. Kg3 Rd3 65.
Bf6 Kg6 66. Be5 Kf5 67. Bg7 Rd7 68. Bf8 b3 69. h5 Rf7 70. Bd6 Kg5 71. f4+ Kxh5
72. Kf3 Rd7 73. Be5 Rd1 74. Ke2 Rd7 75. Kf3 Rd8 76. Bc3 Rd3+ 0-1

[Event "31. Open de San Sebastian"]
[Site "San Sebastián ESP"]
[Date "2008.03.17"]
[Round "2.9"]
[White "Salgado Lopez, Ivan"]
[Black "Neira Garcia, Manuel"]
[Result "1-0"]
[WhiteElo "2459"]
[BlackElo "2002"]
[PlyCount "121"]
[EventDate "2008.03.16"]
[EventType "swiss"]
[EventRounds "9"]
[EventCountry "ESP"]
[Source "lmi"]
[SourceDate "2008.03.16"]

1. d4 d5 2. Nf3 Nf6 3. c4 c6 4. e3 a6 5. Nc3 b5 6. c5 Bf5 7. a4 b4 8. Ne2 a5 9.
Ng3 e6 10. Ne5 Nfd7 11. Nd3 Be7 12. Nxf5 exf5 13. g4 fxg4 14. Qxg4 Bf6 15. e4
dxe4 16. Qxe4+ Qe7 17. Qxe7+ Kxe7 18. Be3 Na6 19. Bg2 Rhc8 20. O-O Kf8 21. Nc1
Ndb8 22. Nb3 Nc7 23. Bf4 Nd5 24. Bg3 h5 25. Rfe1 g6 26. Re2 Nd7 27. Rae1 g5 28.
Bd6+ Kg7 29. Bf3 Kg6 30. h3 Nf8 31. Bxf8 Rxf8 32. Be4+ Kg7 33. Bxd5 cxd5 34. c6
Rfc8 35. Rc1 Ra6 36. c7 Ra7 37. Rec2 Kg6 38. Rc5 Be7 39. Rc6+ Kf5 40. f3 g4 41.
fxg4+ hxg4 42. hxg4+ Kxg4 43. Kf2 Bg5 44. R1c5 Be7 45. Rc2 Bh4+ 46. Ke3 Bg5+
47. Kd3 Bf4 48. R2c5 Rcxc7 49. Rxc7 Bxc7 50. Rxd5 f5 51. Rd7 f4 52. Ke4 Bb8 53.
Rxa7 Bxa7 54. Nxa5 f3 55. Nc4 Kg3 56. a5 Kf2 57. Nd2 Ke2 58. Nxf3 Kd1 59. d5
Bc5 60. a6 Kc2 61. d6 1-0

[Event "31. Open de San Sebastian"]
[Site "San Sebastián ESP"]
[Date "2008.03.17"]
[Round "2.10"]
[White "Lakunza Plazaola, Asier"]
[Black "Simutowe, Amon"]
[Result "0-1"]
[WhiteElo "2018"]
[BlackElo "2457"]
[PlyCount "56"]
[EventDate "2008.03.16"]
[EventType "swiss"]
[EventRounds "9"]
[EventCountry "ESP"]
[Source "lmi"]
[SourceDate "2008.03.16"]

1. e4 c6 2. d4 d5 3. e5 Bf5 4. Nf3 e6 5. Be2 Nd7 6. O-O h6 7. b3 Ne7 8. Ba3 g5
9. c4 Ng6 10. Bxf8 Kxf8 11. cxd5 cxd5 12. Bd3 Bxd3 13. Qxd3 Rc8 14. Qd2 Kg7 15.
Nc3 Qa5 16. Rfc1 Nf4 17. g3 Rxc3 18. gxf4 Rhc8 19. Rd1 Qd8 20. Ne1 gxf4 21.
Qxf4 Nf8 22. Nf3 Ng6 23. Qg3 Qd7 24. Kh1 Qb5 25. Re1 Qd3 26. Re3 Rc1+ 27. Re1
Rxa1 28. Rxa1 Rc3 0-1

[Event "31. Open de San Sebastian"]
[Site "San Sebastián ESP"]
[Date "2008.03.17"]
[Round "2.11"]
[White "Alsina Leal, Daniel"]
[Black "Perez Cameselle, Francisco"]
[Result "1-0"]
[WhiteElo "2455"]
[BlackElo "1993"]
[PlyCount "53"]
[EventDate "2008.03.16"]
[EventType "swiss"]
[EventRounds "9"]
[EventCountry "ESP"]
[Source "lmi"]
[SourceDate "2008.03.16"]

1. e4 g6 2. d4 Bg7 3. Nc3 c6 4. h3 d6 5. f4 Nf6 6. Nf3 O-O 7. Bd3 c5 8. dxc5
dxc5 9. e5 Nd5 10. Nxd5 Qxd5 11. Qe2 Qd8 12. Be3 Qc7 13. O-O b6 14. c3 Nc6 15.
Rad1 f6 16. Bc4+ Kh8 17. e6 Nd8 18. Bc1 b5 19. Bd5 Rb8 20. f5 g5 21. h4 h6 22.
Nh2 Nc6 23. Qh5 Kg8 24. hxg5 fxg5 25. f6 Rxf6 26. Qe8+ Kh7 27. Be4+ 1-0

[Event "31. Open de San Sebastian"]
[Site "San Sebastián ESP"]
[Date "2008.03.17"]
[Round "2.12"]
[White "Torres, Patrice"]
[Black "Huerga Leache, Mikel"]
[Result "0-1"]
[WhiteElo "2003"]
[BlackElo "2440"]
[PlyCount "76"]
[EventDate "2008.03.16"]
[EventType "swiss"]
[EventRounds "9"]
[EventCountry "ESP"]
[Source "lmi"]
[SourceDate "2008.03.16"]

1. d4 Nf6 2. c4 c6 3. Nc3 d5 4. Nf3 a6 5. c5 Bg4 6. Ne5 Bf5 7. Bf4 Nbd7 8. e3
Nxe5 9. Bxe5 Nd7 10. Bg3 e5 11. Bd3 Bxd3 12. Qxd3 Be7 13. O-O O-O 14. b4 Bf6
15. a4 Re8 16. f4 exd4 17. exd4 Bh4 18. Rae1 Qf6 19. Bxh4 Qxh4 20. g3 Qh5 21.
b5 axb5 22. axb5 Rxe1 23. Rxe1 Nf6 24. bxc6 bxc6 25. Kg2 Ra3 26. Qc2 Qg6 27.
Qb2 Ra8 28. Qb7 Rf8 29. Qb1 Qg4 30. Re7 h5 31. h3 Qc8 32. Qb7 Qf5 33. Qxc6 Qd3
34. Ne2 Ne4 35. Rxe4 dxe4 36. Kf2 Qf3+ 37. Ke1 Qh1+ 38. Kd2 e3+ 0-1

[Event "31. Open de San Sebastian"]
[Site "San Sebastián ESP"]
[Date "2008.03.17"]
[Round "2.13"]
[White "Andres Gonzalez, Alberto"]
[Black "Mancina Carballo, Leonardo"]
[Result "1-0"]
[WhiteElo "2436"]
[BlackElo "1975"]
[PlyCount "83"]
[EventDate "2008.03.16"]
[EventType "swiss"]
[EventRounds "9"]
[EventCountry "ESP"]
[Source "lmi"]
[SourceDate "2008.03.16"]

1. Nf3 Nf6 2. c4 g6 3. g3 Bg7 4. Bg2 O-O 5. O-O d6 6. d4 c6 7. Nc3 Nbd7 8. b3
Re8 9. Ba3 Qa5 10. Qc1 Rb8 11. b4 Qc7 12. Qd2 e5 13. e4 exd4 14. Nxd4 Ne5 15.
Qe2 Bg4 16. f3 Be6 17. Nxe6 fxe6 18. Rac1 a5 19. b5 c5 20. f4 Ned7 21. Rfd1
Rbd8 22. b6 Nxb6 23. Nb5 Qb8 24. Qd2 a4 25. Nxd6 Nxe4 26. Bxe4 Bd4+ 27. Qxd4
cxd4 28. Nxe8 Rxe8 29. Rxd4 Qa7 30. c5 Nd5 31. Kf2 Qb8 32. Bf3 g5 33. Rb1 gxf4
34. Rxd5 fxg3+ 35. hxg3 exd5 36. Bxd5+ Kg7 37. Rxb7+ Qxb7 38. Bxb7 Rf8+ 39. Kg2
Rd8 40. c6 Rd2+ 41. Kh3 Rxa2 42. c7 1-0

[Event "31. Open de San Sebastian"]
[Site "San Sebastián ESP"]
[Date "2008.03.17"]
[Round "2.14"]
[White "Landa Manux, Josu"]
[Black "Recuero Guerra, David"]
[Result "1-0"]
[WhiteElo "1995"]
[BlackElo "2424"]
[PlyCount "76"]
[EventDate "2008.03.16"]
[EventType "swiss"]
[EventRounds "9"]
[EventCountry "ESP"]
[Source "lmi"]
[SourceDate "2008.03.16"]

1. d4 g6 2. c4 Bg7 3. Nc3 d6 4. e4 e5 5. dxe5 dxe5 6. Qa4+ c6 7. Be3 Nd7 8.
O-O-O Bh6 9. Bxh6 Nxh6 10. Qc2 Kf8 11. Qd2 Kg7 12. h4 Qe7 13. Nh3 Nc5 14. Be2
a5 15. h5 Bxh3 16. Rxh3 Rad8 17. Qe3 Rxd1+ 18. Bxd1 Ne6 19. Ne2 Qc5 20. Qc3 Rd8
21. hxg6 hxg6 22. Rg3 f6 23. Rd3 Rxd3 24. Qxd3 Nf7 25. f3 Qf2 26. g3 b6 27. a3
Nc5 28. Qc3 a4 29. Kb1 Qf1 30. Kc2 Ng5 31. Nc1 Nge6 32. Ne2 Qf2 33. Kb1 Ng5 34.
Nc1 Qg1 35. Qd2 Nge6 36. Bxa4 Nd4 37. Bd1 Qxg3 38. b4 Nce6 1-0

[Event "31. Open de San Sebastian"]
[Site "San Sebastián ESP"]
[Date "2008.03.17"]
[Round "2.16"]
[White "Sirletti, Sonia"]
[Black "Argandona Riveiro, Inigo"]
[Result "0-1"]
[WhiteElo "1989"]
[BlackElo "2404"]
[PlyCount "108"]
[EventDate "2008.03.16"]
[EventType "swiss"]
[EventRounds "9"]
[EventCountry "ESP"]
[Source "lmi"]
[SourceDate "2008.03.16"]

1. d4 Nf6 2. c4 e6 3. Nc3 Bb4 4. f3 O-O 5. a3 Bxc3+ 6. bxc3 Ne8 7. Nh3 b6 8. e4
Nc6 9. Bd3 Ba6 10. e5 h6 11. Qe2 d5 12. cxd5 Bxd3 13. Qxd3 Qxd5 14. Qe4 Qxe4+
15. fxe4 f6 16. Nf4 fxe5 17. Nxe6 Rf6 18. d5 Nd8 19. Nxd8 Rxd8 20. Ke2 Rg6 21.
g3 Nd6 22. Kd3 Rf8 23. Re1 Rf3+ 24. Be3 Rg4 25. Ke2 Rf7 26. a4 Rxe4 27. Kd3 Rc4
28. a5 Rf5 29. axb6 axb6 30. Red1 e4+ 31. Kc2 Rf3 32. Bd4 Nb5 33. Ra8+ Kh7 34.
Rd8 Nxd4+ 35. Rxd4 Rfxc3+ 36. Kb2 Rc2+ 37. Kb3 Rxd4 38. Kxc2 e3 39. Re8 Rxd5
40. Rxe3 b5 41. Re7 c5 42. Rb7 c4 43. Rb6 h5 44. Rb7 Kh6 45. h3 Rg5 46. g4 hxg4
47. hxg4 Rxg4 48. Rxb5 Re4 49. Rd5 g5 50. Rd6+ Kh5 51. Rd8 Kh4 52. Rh8+ Kg3 53.
Rg8 g4 54. Kc3 Kf3 0-1

[Event "31. Open de San Sebastian"]
[Site "San Sebastián ESP"]
[Date "2008.03.17"]
[Round "2.17"]
[White "Gonzalez de la Torre, Santiago"]
[Black "Jimenez Crespo, Inigo"]
[Result "1-0"]
[WhiteElo "2389"]
[BlackElo "1955"]
[PlyCount "67"]
[EventDate "2008.03.16"]
[EventType "swiss"]
[EventRounds "9"]
[EventCountry "ESP"]
[Source "lmi"]
[SourceDate "2008.03.16"]

1. e4 e6 2. d3 d5 3. Nd2 c5 4. g3 Nc6 5. Bg2 Nf6 6. Ngf3 Be7 7. O-O b6 8. Re1
Bb7 9. c3 Qc7 10. a3 a5 11. e5 Nd7 12. d4 g5 13. h3 Ba6 14. c4 O-O-O 15. cxd5
exd5 16. dxc5 bxc5 17. e6 fxe6 18. Rxe6 Nf8 19. Re1 Ng6 20. Nxg5 Bxg5 21. Qg4+
Kb8 22. Qxg5 Nd4 23. Nf3 Nc2 24. Bd2 Nxa1 25. Rxa1 Rhe8 26. Rc1 Bd3 27. Nd4 Be4
28. Bxa5 Qd7 29. Bxd8 cxd4 30. Bc7+ Ka8 31. Qf6 Re6 32. Qxd4 Rc6 33. Qa4+ Kb7
34. Qxc6+ 1-0

[Event "31. Open de San Sebastian"]
[Site "San Sebastián ESP"]
[Date "2008.03.17"]
[Round "2.18"]
[White "Tung, Siu Hung"]
[Black "Andres Gonzalez, Ivan"]
[Result "0-1"]
[WhiteElo "1973"]
[BlackElo "2375"]
[PlyCount "68"]
[EventDate "2008.03.16"]
[EventType "swiss"]
[EventRounds "9"]
[EventCountry "ESP"]
[Source "lmi"]
[SourceDate "2008.03.16"]

1. e4 c5 2. Nf3 Nc6 3. d4 cxd4 4. Nxd4 Nf6 5. Nc3 e5 6. Ndb5 d6 7. Bg5 a6 8.
Na3 b5 9. Nd5 Be7 10. Bxf6 Bxf6 11. c3 O-O 12. Nc2 Bg5 13. Bd3 Ne7 14. Nce3 Be6
15. c4 bxc4 16. Bxc4 Rb8 17. b3 Bxd5 18. Bxd5 Bxe3 19. fxe3 Nxd5 20. Qxd5 Qh4+
21. g3 Qh3 22. O-O-O a5 23. Rd2 a4 24. Kb2 Qd7 25. Qxe5 axb3 26. a3 Rfc8 27.
Rhd1 Qc6 28. Qd4 h6 29. Ra1 Rb5 30. a4 Rc5 31. Qb4 Rc2+ 32. Ka3 b2 33. Rb1 Rc3+
34. Ka2 Rc4 0-1

[Event "31. Open de San Sebastian"]
[Site "San Sebastián ESP"]
[Date "2008.03.17"]
[Round "2.19"]
[White "Rubio Mejia, Luis Ignacio"]
[Black "Garro Beraza, Haritz"]
[Result "1-0"]
[WhiteElo "2373"]
[BlackElo "1944"]
[PlyCount "109"]
[EventDate "2008.03.16"]
[EventType "swiss"]
[EventRounds "9"]
[EventCountry "ESP"]
[Source "lmi"]
[SourceDate "2008.03.16"]

1. d4 Nf6 2. c4 g6 3. Nc3 Bg7 4. e4 d6 5. Nf3 O-O 6. Be2 e5 7. O-O Nc6 8. d5
Ne7 9. b4 a5 10. bxa5 Rxa5 11. a4 b6 12. Ba3 Ne8 13. Bb4 Ra8 14. Qb3 f5 15. a5
bxa5 16. Bxa5 Kh8 17. Rfd1 Bd7 18. Qa3 fxe4 19. Nxe4 Nf5 20. c5 dxc5 21. Qxc5
Qe7 22. Qc2 Nfd6 23. Nfd2 Bf5 24. Bf3 Nf6 25. Qc5 Nfxe4 26. Bxe4 Rac8 27. Rac1
Qf7 28. Bxf5 Nxf5 29. Bc3 Nd4 30. Bxd4 exd4 31. Ne4 Rcd8 32. Rxd4 Bxd4 33.
Qxd4+ Kg8 34. Rc5 Rb8 35. Qd3 Qg7 36. g3 Qf7 37. Rc6 Rb6 38. Rc2 Rd8 39. Rc5
Re8 40. Kg2 Qf5 41. Rc4 Qf7 42. Qd4 Ra6 43. Rc3 Rf8 44. h4 Ra5 45. Rd3 Ra6 46.
Ng5 Qf6 47. Qc5 Ra2 48. Rf3 Qd6 49. Rxf8+ Qxf8 50. Qe3 Ra6 51. h5 Qd8 52. Qe5
Qd6 53. Qe8+ Qf8 54. Qd7 Qg7 55. Qc8+ 1-0

[Event "31. Open de San Sebastian"]
[Site "San Sebastián ESP"]
[Date "2008.03.17"]
[Round "2.20"]
[White "Tung, Kai Ming"]
[Black "Alonso Arburu, Juan Ignacio"]
[Result "0-1"]
[WhiteElo "1966"]
[BlackElo "2368"]
[PlyCount "120"]
[EventDate "2008.03.16"]
[EventType "swiss"]
[EventRounds "9"]
[EventCountry "ESP"]
[Source "lmi"]
[SourceDate "2008.03.16"]

1. e4 e5 2. Nf3 Nc6 3. Bc4 Bc5 4. O-O Nf6 5. Nc3 d6 6. h3 h6 7. d3 g5 8. Nh2 g4
9. hxg4 Rg8 10. g5 hxg5 11. Be3 g4 12. Bxc5 dxc5 13. Nd5 Nd4 14. c3 Ne6 15.
Nxf6+ Qxf6 16. Nxg4 Qf4 17. Bxe6 Bxe6 18. f3 O-O-O 19. Qc1 Rxd3 20. Qxf4 exf4
21. Ne5 Rd2 22. Rf2 Rd6 23. b3 Kd8 24. Raf1 Ke7 25. Ng4 c4 26. bxc4 Bxc4 27.
Rb1 Rgd8 28. Rfb2 Rd1+ 29. Rxd1 Rxd1+ 30. Kh2 Ba6 31. Nf2 Rc1 32. Nh3 Rxc3 33.
Nxf4 c6 34. Kg3 b6 35. Ne2 Rd3 36. Kf2 Bc4 37. Rc2 b5 38. a4 Kd6 39. axb5 cxb5
40. Nf4 Rd1 41. g4 a5 42. Ng2 Bb3 43. Rc8 Rd2+ 44. Kg1 Re2 45. Kf1 Rc2 46. Ra8
a4 47. Ne3 Ra2 48. e5+ Kxe5 49. Ra5 Kf4 50. Nf5 Bc4+ 51. Ke1 Kxf3 52. Nd6 Kxg4
53. Nxb5 Bxb5 54. Rxb5 f5 55. Ra5 f4 56. Ra8 a3 57. Rg8+ Kf3 58. Rh8 Ra1+ 59.
Kd2 a2 60. Ra8 Rh1 0-1

[Event "31. Open de San Sebastian"]
[Site "San Sebastián ESP"]
[Date "2008.03.18"]
[Round "3.1"]
[White "Andres Gonzalez, Alberto"]
[Black "Spraggett, Kevin"]
[Result "1/2-1/2"]
[WhiteElo "2436"]
[BlackElo "2588"]
[PlyCount "25"]
[EventDate "2008.03.16"]
[EventType "swiss"]
[EventRounds "9"]
[EventCountry "ESP"]
[Source "lmi"]
[SourceDate "2008.03.16"]

1. Nf3 f5 2. g3 Nf6 3. Bg2 g6 4. b3 Bg7 5. Bb2 O-O 6. O-O d6 7. d4 Qe8 8. Nbd2
Nc6 9. Re1 e5 10. dxe5 dxe5 11. e4 f4 12. Qe2 fxg3 13. hxg3 1/2-1/2

[Event "31. Open de San Sebastian"]
[Site "San Sebastián ESP"]
[Date "2008.03.18"]
[Round "3.2"]
[White "Lopez Martinez, Josep Manuel"]
[Black "Bellia, Fabrizio"]
[Result "1-0"]
[WhiteElo "2550"]
[BlackElo "2405"]
[PlyCount "103"]
[EventDate "2008.03.16"]
[EventType "swiss"]
[EventRounds "9"]
[EventCountry "ESP"]
[Source "lmi"]
[SourceDate "2008.03.16"]

1. e4 e5 2. Nf3 Nc6 3. Bb5 a6 4. Ba4 Nf6 5. O-O b5 6. Bb3 Bc5 7. a4 Rb8 8. c3
d6 9. d4 Bb6 10. axb5 axb5 11. Na3 O-O 12. Nxb5 Bg4 13. d5 Ne7 14. Bc2 Ng6 15.
h3 Bxh3 16. gxh3 Qd7 17. c4 Qxh3 18. Ng5 Qg3+ 19. Kh1 Qh4+ 20. Kg2 Nf4+ 21.
Bxf4 exf4 22. Nf3 Qg4+ 23. Kh1 Rfe8 24. Ra3 Nxe4 25. Bxe4 Rxe4 26. Rc3 Ba5 27.
Rc2 Rbe8 28. Nh2 Qh3 29. Qf3 Qh6 30. b4 Bxb4 31. Nxc7 R8e5 32. Qg4 g6 33. Qc8+
Kg7 34. Ra2 Re1 35. Rxe1 Rxe1+ 36. Kg2 f3+ 37. Nxf3 Qh1+ 38. Kg3 Rg1+ 39. Kf4
g5+ 40. Ke3 Bc5+ 41. Ke2 Rd1 42. Ne6+ fxe6 43. Qd7+ Kg6 44. Qxe6+ Kh5 45. Qe8+
Kg4 46. Qe4+ Kh5 47. Qxh7+ Kg4 48. Nh2+ Kf4 49. Qf7+ Ke4 50. Qg6+ Kd4 51. Nf3+
Kxc4 52. Qc2+ 1-0

[Event "31. Open de San Sebastian"]
[Site "San Sebastián ESP"]
[Date "2008.03.18"]
[Round "3.3"]
[White "Argandona Riveiro, Inigo"]
[Black "San Segundo Carrillo, Pablo"]
[Result "1/2-1/2"]
[WhiteElo "2404"]
[BlackElo "2542"]
[PlyCount "26"]
[EventDate "2008.03.16"]
[EventType "swiss"]
[EventRounds "9"]
[EventCountry "ESP"]
[Source "lmi"]
[SourceDate "2008.03.16"]

1. e4 c6 2. c4 d5 3. exd5 cxd5 4. cxd5 Nf6 5. Nc3 Nxd5 6. Bc4 e6 7. d4 Be7 8.
Nf3 O-O 9. O-O b6 10. Qe1 Bb7 11. a3 Nxc3 12. bxc3 Bc8 13. Bd3 Nd7 1/2-1/2

[Event "31. Open de San Sebastian"]
[Site "San Sebastián ESP"]
[Date "2008.03.18"]
[Round "3.4"]
[White "Cifuentes Parada, Roberto"]
[Black "Rubio Mejia, Luis Ignacio"]
[Result "1/2-1/2"]
[WhiteElo "2520"]
[BlackElo "2373"]
[PlyCount "68"]
[EventDate "2008.03.16"]
[EventType "swiss"]
[EventRounds "9"]
[EventCountry "ESP"]
[Source "lmi"]
[SourceDate "2008.03.16"]

1. Nf3 Nf6 2. c4 e6 3. g3 b6 4. Bg2 Bb7 5. O-O Be7 6. Nc3 O-O 7. d4 Ne4 8. Qc2
Nxc3 9. Qxc3 c5 10. Rd1 d6 11. b3 Bf6 12. Bb2 Qe7 13. Qd2 Nd7 14. Qc2 cxd4 15.
Nxd4 Bxg2 16. Kxg2 Ne5 17. Qe4 Rac8 18. Nb5 Nd7 19. Rab1 Bxb2 20. Rxb2 Nf6 21.
Qe3 d5 22. cxd5 Nxd5 23. Qf3 Rc5 24. Nd4 Rfc8 25. e4 Nf6 26. Rbd2 a6 27. e5 Nd5
28. Nf5 exf5 29. Rxd5 Rxd5 30. Rxd5 Qe6 31. h4 h5 32. Qd3 g6 33. Qd4 Re8 34. a4
f4 1/2-1/2

[Event "31. Open de San Sebastian"]
[Site "San Sebastián ESP"]
[Date "2008.03.18"]
[Round "3.5"]
[White "Andres Gonzalez, Ivan"]
[Black "Narciso Dublan, Marc"]
[Result "1/2-1/2"]
[WhiteElo "2375"]
[BlackElo "2513"]
[PlyCount "129"]
[EventDate "2008.03.16"]
[EventType "swiss"]
[EventRounds "9"]
[EventCountry "ESP"]
[Source "lmi"]
[SourceDate "2008.03.16"]

1. e4 c6 2. d4 d5 3. Nc3 dxe4 4. Nxe4 Nd7 5. Nf3 Ngf6 6. Nxf6+ Nxf6 7. Bc4 Bf5
8. O-O e6 9. c3 Be7 10. Re1 O-O 11. Bf4 Bg4 12. h3 Bh5 13. Be2 c5 14. Qb3 Qb6
15. Bg5 Rfd8 16. Rad1 cxd4 17. Nxd4 Bxe2 18. Nxe2 Qxb3 19. axb3 Kf8 20. Ng3 a5
21. Kf1 Rxd1 22. Rxd1 Nd5 23. Bxe7+ Kxe7 24. Nf5+ Kf6 25. Ne3 Nxe3+ 26. fxe3
Ra6 27. Rd7 Rb6 28. b4 axb4 29. c4 Rc6 30. b3 b5 31. cxb5 Rb6 32. Ke2 Rxb5 33.
Rc7 h5 34. Kf3 h4 35. Rc4 g5 36. Rc7 Kg6 37. Re7 Rf5+ 38. Ke2 Re5 39. Kf3 f5
40. Rb7 Re4 41. Rb8 Kf7 42. Rb7+ Kf6 43. Rb8 g4+ 44. hxg4 Rxg4 45. Rb5 Rg3+ 46.
Kf2 Rg4 47. Kf3 Ke7 48. Rb6 Kd7 49. Kf2 Re4 50. Kf3 Kc7 51. Rb5 Kc6 52. Rb8 Rg4
53. Kf2 Kc5 54. Re8 Kd5 55. Rb8 f4 56. Rb5+ Kc6 57. Re5 Kd6 58. Re4 e5 59. Kf1
Rg3 60. exf4 Rxb3 61. fxe5+ Ke6 62. Ke1 Rb1+ 63. Kd2 Rb2+ 64. Kc1 Rxg2 65. Rxh4
1/2-1/2

[Event "31. Open de San Sebastian"]
[Site "San Sebastián ESP"]
[Date "2008.03.18"]
[Round "3.6"]
[White "Lafuente, Pablo"]
[Black "Hernandez, Elvis"]
[Result "1/2-1/2"]
[WhiteElo "2489"]
[BlackElo "2322"]
[PlyCount "61"]
[EventDate "2008.03.16"]
[EventType "swiss"]
[EventRounds "9"]
[EventCountry "ESP"]
[Source "lmi"]
[SourceDate "2008.03.16"]

1. d4 d5 2. c4 dxc4 3. e4 Nc6 4. d5 Ne5 5. Bf4 Ng6 6. Bg3 Nf6 7. Nc3 e5 8. Bxc4
Bd6 9. Bb5+ Nd7 10. Nf3 O-O 11. O-O a6 12. Be2 Nf4 13. a4 Qe7 14. Nd2 Kh8 15.
Nc4 Rg8 16. Bg4 Qg5 17. Bxd7 Bxd7 18. Qd2 Qf6 19. Bxf4 exf4 20. Nxd6 cxd6 21.
f3 Rac8 22. Rfc1 g5 23. h3 Rc4 24. Ne2 Rgc8 25. b3 R4c5 26. Rxc5 Qxa1+ 27. Rc1
Rxc1+ 28. Qxc1 Qxc1+ 29. Nxc1 Kg7 30. Nd3 f6 31. Nb2 1/2-1/2

[Event "31. Open de San Sebastian"]
[Site "San Sebastián ESP"]
[Date "2008.03.18"]
[Round "3.7"]
[White "Alonso Arburu, Juan Ignacio"]
[Black "Del Rio De Angelis, Salvador G"]
[Result "1/2-1/2"]
[WhiteElo "2368"]
[BlackElo "2487"]
[PlyCount "76"]
[EventDate "2008.03.16"]
[EventType "swiss"]
[EventRounds "9"]
[EventCountry "ESP"]
[Source "lmi"]
[SourceDate "2008.03.16"]

1. e4 c5 2. Nf3 e6 3. d4 cxd4 4. Nxd4 Nc6 5. Nxc6 bxc6 6. Bd3 d5 7. O-O Nf6 8.
exd5 cxd5 9. c4 Be7 10. Nc3 O-O 11. cxd5 Nxd5 12. Be4 Ba6 13. Nxd5 exd5 14. Bd3
Bxd3 15. Qxd3 Bf6 16. Be3 d4 17. Bf4 Qd5 18. Rfd1 Rfe8 19. b3 Re4 20. Bd2 Rg4
21. g3 h5 22. Rac1 h4 23. h3 Re4 24. g4 Re6 25. Re1 Rxe1+ 26. Rxe1 Rc8 27. Rc1
Rxc1+ 28. Bxc1 Qa5 29. Bb2 g6 30. Kg2 Kg7 31. Kf3 Qe5 32. Bc1 Qh2 33. Ke2 Kg8
34. Bd2 Qe5+ 35. Kd1 Qh2 36. Ke2 Qe5+ 37. Kd1 Qh2 38. Ke2 Qe5+ 1/2-1/2

[Event "31. Open de San Sebastian"]
[Site "San Sebastián ESP"]
[Date "2008.03.18"]
[Round "3.8"]
[White "Mateo, Ramon"]
[Black "Huesmann, Thomas"]
[Result "1-0"]
[WhiteElo "2484"]
[BlackElo "2247"]
[PlyCount "61"]
[EventDate "2008.03.16"]
[EventType "swiss"]
[EventRounds "9"]
[EventCountry "ESP"]
[Source "lmi"]
[SourceDate "2008.03.16"]

1. d4 f5 2. Bf4 Nf6 3. e3 d5 4. c4 e6 5. Nc3 c6 6. Bd3 Bd6 7. Nge2 O-O 8. Qc2
Qe7 9. h3 dxc4 10. Bxc4 Nd5 11. Bxd6 Qxd6 12. O-O Kh8 13. e4 Nxc3 14. bxc3 e5
15. f4 exd4 16. e5 Qe7 17. cxd4 Be6 18. Rab1 b5 19. Bxe6 Qxe6 20. Rbc1 a5 21.
Rfd1 Rd8 22. Kh1 Ra7 23. d5 cxd5 24. Nd4 Qe8 25. Nxf5 Na6 26. Nd6 Qe6 27. Nxb5
Rf7 28. Nd4 Qe8 29. Qe2 Nc7 30. e6 Re7 31. f5 1-0

[Event "31. Open de San Sebastian"]
[Site "San Sebastián ESP"]
[Date "2008.03.18"]
[Round "3.9"]
[White "Garcia Blanco, Omar"]
[Black "Salgado Lopez, Ivan"]
[Result "0-1"]
[WhiteElo "2139"]
[BlackElo "2459"]
[PlyCount "76"]
[EventDate "2008.03.16"]
[EventType "swiss"]
[EventRounds "9"]
[EventCountry "ESP"]
[Source "lmi"]
[SourceDate "2008.03.16"]

1. e4 e5 2. Nf3 d6 3. Bc4 Be7 4. d4 exd4 5. Nxd4 Nf6 6. Nc3 O-O 7. Bb3 Na6 8.
O-O Nc5 9. Re1 Re8 10. f3 Nxb3 11. axb3 c6 12. Kh1 d5 13. e5 Nd7 14. f4 Nb6 15.
Qf3 c5 16. Nde2 f5 17. Rd1 Be6 18. Nb5 a6 19. Na3 Qc7 20. Bd2 Nd7 21. c4 d4 22.
b4 cxb4 23. Nxd4 bxa3 24. Nxe6 Qxc4 25. Nxg7 Kxg7 26. Qg3+ Kh8 27. Bc3 axb2 28.
Bxb2 Qe2 29. Rab1 Rg8 30. Qh3 Rad8 31. Ba1 Rg7 32. Re1 Qf2 33. Rf1 Qc2 34. Rfc1
Qa2 35. Rxb7 Nc5 36. Rxe7 Qd2 37. Rg1 Ne4 38. Qf3 Rxe7 0-1

[Event "31. Open de San Sebastian"]
[Site "San Sebastián ESP"]
[Date "2008.03.18"]
[Round "3.10"]
[White "Simutowe, Amon"]
[Black "Krulich, Roman"]
[Result "0-1"]
[WhiteElo "2457"]
[BlackElo "2240"]
[PlyCount "166"]
[EventDate "2008.03.16"]
[EventType "swiss"]
[EventRounds "9"]
[EventCountry "ESP"]
[Source "lmi"]
[SourceDate "2008.03.16"]

1. c4 e5 2. Nc3 Nf6 3. Nf3 Nc6 4. d4 exd4 5. Nxd4 Bb4 6. Bg5 Bxc3+ 7. bxc3 h6
8. Bh4 Ne5 9. f4 Ng6 10. Bxf6 Qxf6 11. g3 Nf8 12. e4 d6 13. Bg2 Ne6 14. O-O O-O
15. Qd2 Nc5 16. Rae1 Re8 17. Nb5 Qd8 18. Re3 Be6 19. Qe2 c6 20. Nd4 Qb6 21. Rd1
Rad8 22. h4 Na4 23. Kh2 Qc5 24. Nxe6 Rxe6 25. Rd2 Nb6 26. Rd4 Rde8 27. Qd3 d5
28. cxd5 Nxd5 29. Re2 b5 30. Rc2 Nf6 31. Bf3 Qb6 32. e5 c5 33. Rd6 Rxd6 34.
Qxd6 Qxd6 35. exd6 Rd8 36. Bc6 Rxd6 37. Bxb5 Ne4 38. Be2 Kf8 39. Kg2 f5 40. h5
Ke7 41. Kf3 Nf6 42. Bc4 Nxh5 43. Re2+ Kf6 44. Re5 g5 45. Re2 g4+ 46. Kf2 Ng7
47. Rb2 Rb6 48. Rd2 Ne6 49. a4 h5 50. a5 Rc6 51. Bb5 Rc8 52. Rd6 Rd8 53. Ra6 h4
54. Bc4 hxg3+ 55. Kxg3 Re8 56. Rxa7 Nxf4 57. Bb5 Re3+ 58. Kf2 Rf3+ 59. Kg1 Nh3+
60. Kh2 f4 61. Ra6+ Kg5 62. Bd7 Rf2+ 63. Kh1 Rf1+ 64. Kh2 Rf2+ 65. Kh1 f3 66.
Ra8 Rg2 67. Rg8+ Kf4 68. Rxg4+ Rxg4 69. Bxg4 Nf2+ 70. Kg1 Nxg4 71. a6 Ke3 72.
a7 f2+ 73. Kg2 Nh2 74. a8=Q f1=Q+ 75. Kxh2 Qf2+ 76. Kh1 Qf3+ 77. Qxf3+ Kxf3 78.
Kg1 Ke2 79. c4 Kd3 80. Kf2 Kxc4 81. Ke2 Kc3 82. Kd1 Kb2 83. Kd2 c4 0-1